<?xml version="1.0" encoding="UTF-8"?><?xml-stylesheet type="text/xsl" href="static/style.xsl"?><OAI-PMH xmlns="http://www.openarchives.org/OAI/2.0/" xmlns:xsi="http://www.w3.org/2001/XMLSchema-instance" xsi:schemaLocation="http://www.openarchives.org/OAI/2.0/ http://www.openarchives.org/OAI/2.0/OAI-PMH.xsd"><responseDate>2026-04-13T14:23:01Z</responseDate><request verb="GetRecord" identifier="oai:www.recercat.cat:10459.1/17401" metadataPrefix="marc">https://recercat.cat/oai/request</request><GetRecord><record><header><identifier>oai:recercat.cat:10459.1/17401</identifier><datestamp>2024-12-05T21:53:15Z</datestamp><setSpec>com_2072_3622</setSpec><setSpec>col_2072_479130</setSpec></header><metadata><record xmlns="http://www.loc.gov/MARC21/slim" xmlns:dcterms="http://purl.org/dc/terms/" xmlns:xsi="http://www.w3.org/2001/XMLSchema-instance" xmlns:doc="http://www.lyncode.com/xoai" xsi:schemaLocation="http://www.loc.gov/MARC21/slim http://www.loc.gov/standards/marcxml/schema/MARC21slim.xsd">
   <leader>00925njm 22002777a 4500</leader>
   <datafield ind2=" " ind1=" " tag="042">
      <subfield code="a">dc</subfield>
   </datafield>
   <datafield ind2=" " ind1=" " tag="720">
      <subfield code="a">Aluja Fabregat, Antón</subfield>
      <subfield code="e">author</subfield>
   </datafield>
   <datafield ind2=" " ind1=" " tag="260">
      <subfield code="c">2010-10-25T09:33:50Z</subfield>
   </datafield>
   <datafield ind2=" " ind1=" " tag="260">
      <subfield code="c">2010-10-25T09:33:50Z</subfield>
   </datafield>
   <datafield ind2=" " ind1=" " tag="260">
      <subfield code="c">1995</subfield>
   </datafield>
   <datafield ind2=" " ind1=" " tag="520">
      <subfield code="a">En este estudio se pretende averiguar la relación que existe entre las dimensiones de personalidad de Eysenck (Neuroticismo, Extraversión y Psicoticismo) con los 16 factores primarios de Cattell, en una muestra homogénea de personas que no presentan trastornos de personalidad ni psicopatología psiquiátrica. También nos proponemos estudiar la relación entre las actitudes hacia valores sociales (liberalismo-conservadurismo) y la personalidad medida por el EPQ y el 16PF. Los resultados informan de diferencias importantes de personalidad entre hombres y mujeres, de una relación entre el Neuroticismo de Eysenck y los factores de ansiedad de Cattell (C-,O+ y Q4+), entre la Extraversión con E+, H+, F+, A+ y Q2- y entre Psicoticismo con I- y L+, de lo que se concluye la existencia de una gran homogeneidad psicológica entre las dos medidas de la personalidad. Los Liberales son más estables (C+), menos socializados (G-), más imaginativos (M+), menos astutos (N-), menos respetuosos con las ideas establecidas (Q1-), menos neuróticos (Ne-) y más inconformistas (S+).</subfield>
   </datafield>
   <datafield ind1="8" ind2=" " tag="024">
      <subfield code="a">http://hdl.handle.net/10459.1/17401</subfield>
   </datafield>
   <datafield tag="653" ind2=" " ind1=" ">
      <subfield code="a">Actitudes sociales</subfield>
   </datafield>
   <datafield tag="653" ind2=" " ind1=" ">
      <subfield code="a">Personalidad</subfield>
   </datafield>
   <datafield tag="653" ind2=" " ind1=" ">
      <subfield code="a">Cattell</subfield>
   </datafield>
   <datafield tag="653" ind2=" " ind1=" ">
      <subfield code="a">Eysenck</subfield>
   </datafield>
   <datafield tag="653" ind2=" " ind1=" ">
      <subfield code="a">Actitud (Psicologia)</subfield>
   </datafield>
   <datafield tag="653" ind2=" " ind1=" ">
      <subfield code="a">Personalitat</subfield>
   </datafield>
   <datafield ind2="0" ind1="0" tag="245">
      <subfield code="a">Medida de la personalidad en los adultos mediante el EQP y el 16PF y su relación con las actiudes sociales</subfield>
   </datafield>
</record></metadata></record></GetRecord></OAI-PMH>